Το εικονογραφημένο βιβλίο στη νηπιακή και πρωτοσχολική ηλικία : μια θεωρητική και εμπειρική προσέγγιση
Saved in:
| Main Author: | |
|---|---|
| Format: | Book |
| Language: | Greek |
| Published: |
Αθήνα :
Παπαζήσης,
1993
|
| Subjects: | |
| Tags: |
Add Tag
No Tags, Be the first to tag this record!
|
MARC
| LEADER | 00000nam a2200000 i 4500 | ||
|---|---|---|---|
| 001 | 1/82117 | ||
| 008 | 970305s1993 gre d | ||
| 020 | |a 960-02-0992-8 | ||
| 035 | |a 1993 |b 2 |c Δωρεά |l 10033863 | ||
| 040 | |a GR-MY-UA |b gre |e aacr | ||
| 041 | 0 | |a gre | |
| 082 | 0 | |a 808.068 | |
| 100 | 1 | |a Κιτσαράς, Γεώργιος Δ. | |
| 245 | 1 | 3 | |a Το εικονογραφημένο βιβλίο στη νηπιακή και πρωτοσχολική ηλικία : |b μια θεωρητική και εμπειρική προσέγγιση / |c Γεώργιος Δημ. Κιτσαράς |
| 260 | |a Αθήνα : |b Παπαζήσης, |c 1993 | ||
| 300 | |a 244 σ. | ||
| 650 | 0 | 0 | |a Illustrated children's books. |
| 650 | 0 | 0 | |a Children's literature. |
| 852 | |a INST |b RHODES |e 19970305 |h 808.068 ΚΙΤ |p 005400000378 |q 005400000378 |t BK |y 0 | ||
| 909 | |a Ρ |b 024756 |c 1993 | ||
| 922 | |a 4ΔΩΡ |b 199307 | ||
| 970 | |z 2000/08/ΔΕΜΕΝΑΓΑΣ ΠΕΤΡΟΣ | ||